01183nam a2200313 u 450000100070000000500170000700800410002403500110006504000130007604100080008908200080009710000530010524501480015826000430030630000140034961000370036365000250040065000310042565000530045665000400050965000250054970000380057470000560061294200100066899900190067850200100069752600070070795201550071490420920260506154132.0041216e20041201 ||||||m| spa  a904209 ccomduadb aspa 4a38210aBotero Hernandez, Maria Ofelia4auteaut940058410aGuia practica para la realizacion de una importacion en las universidades publicas colombianas, tomando como base a la universidad de Antioquia aMedellín :b[sin publicador],c2004. a291 hojas24aUniversidad de Antioquia9855680 7aImportaciones29104 aBienes y servicios9106281 7aUniversidades públicaszColombia2lemb9105761 aImportaciones - Normatividad975869 aProcedimiento95094710aDiaz Rey, Jaime4auteaut939573610aAvendaño Lopera, Genaro Antonio4thseths9400539 cTESIS c331908d331908 b66c9 a66 001040708TESISBCaBCbBCd2004-12-16eMaterial adquirido por donacióniC851654l0o382.5 B748p0540879r2023-04-25 00:00:00t1w2023-04-25yTESIS